000
00290nam a22001097a 4500
008
160510b xxu||||| |||| 00| 0 eng d
020
_a
0131453068
041
_a
eng
080
_a
577
245
_a
Principles of biochemistry:
_c
Robert Horton; Laurence Moran; Gray Scrimgeour;
942
_2
udc
_c
BK
999
_c
1958
_d
1958